Cartel do Charles (do Bronxs) Oliveira no UFC - Statistics

Estatísticas Gerais
  • Esse quiz foi jogado 96 vezes
    61 desde o último reset
  • A pontuação média é 10 de 34
Estatísticas das Respostas
Adversário Resultado Método Evento % Correto
Islam Makhachev Derrota Finalização UFC 280
92%
Dustin Poirier Vitória Finalização UFC 269
85%
Justin Gaethje Vitória Finalização UFC 274
81%
Arman Tsarukyan Derrota Decisão UFC 300
79%
Max Holloway Derrota Contusão UFC Fight Night 74
79%
Michael Chandler Vitória Decisão UFC 309
79%
Michael Chandler Vitória TKO UFC 262
79%
Tony Ferguson Vitória Decisão UFC 256
62%
Beneil Dariush Vitória TKO UFC 289
60%
Kevin Lee Vitória Finalização UFC Fight Night 170
42%
Jim Miller Vitória Finalização UFC on Fox 31
32%
Jim Miller Derrota Finalização UFC 124
32%
Clay Guida Vitória Finalização UFC 225
19%
Donald Cerrone Derrota TKO UFC Live 5
17%
Paul Felder Derrota TKO UFC 218
17%
Anthony Pettis Derrota Finalização UFC on Fox 21
15%
Jared Gordon Vitória Nocaute UFC Fight Night 164
15%
Frankie Edgar Derrota Decisão UFC 162
13%
Nik Lentz Vitória TKO UFC Fight Night 152
13%
Nik Lentz Vitória Finalização UFC Fight Night 67
13%
Nik Lentz Sem Resultado Joelhada ilegal UFC Live 4
13%
David Teymur Vitória Finalização UFC Fight Night 144
9%
Jeremy Stephens Vitória Finalização UFC TUF 20
9%
Christos Giagos Vitória Finalização UFC Fight Night 137
8%
Cub Swanson Derrota Nocaute UFC 152
8%
Darren Elkins Vitória Finalização UFC Live 2
8%
Ricardo Lamas Derrota Finalização UFC Fight Night 98
8%
Myles Jury Vitória Finalização UFC on Fox 17
6%
Will Brooks Vitória Finalização UFC 210
6%
Andy Ogle Vitória Finalização UFC Fight Night 36
4%
Efrain Escudero Vitória Finalização UFC Fight Night 22
4%
Hatsu Hioki Vitória Finalização UFC Fight Night 43
4%
Eric Wisely Vitória Finalização UFC on Fox 2
2%
Jonathan Brookins Vitória Finalização UFC TUF 15
2%
Nenhum quiz correspondente encontrado
Distribuição das Pontuações
Porcentagem de Pessoas com Cada Pontuação
Percentil de Números Respondidos
Sua Pontuação Histórica
Você não jogou esse quiz desde o último reset